Ecology, environment, ecosystem: a Historical account from the perspective of the field-statio-movement in aquatic biomes, between countries and the Anglo-American world (1890-1950) (Record no. 32625)

000 -Cabeçalho do registo
Cabeçalho 01170nam 22001813 4500
001 - Identificador do registo
Campo de controlo 32625
100 ## - Dados gerais de processamento
Dados gerais de processamento 20260324d2025 u||y0engy50 ba
101 ## - Língua de publicação
Língua do texto, banda sonora, etc. Inglês
102 ## - Pais de publicação ou produção
País de publicação Portugal
200 ## - Titulo e menção de responsabilidade
Título próprio Ecology, environment, ecosystem: a Historical account from the perspective of the field-statio-movement in aquatic biomes, between countries and the Anglo-American world (1890-1950)
Indicação geral da natureza do documento Tese de doutoramento
-- Doutoramento em História e Filosofia das Ciências
Primeira menção de responsabilidade Pier Luigi Pireddu
210 ## - Publicação, Distribuição, etc.
Lugar da edição, distribuição, etc. Portugal, Lisboa
Nome do editor, distribuidor, etc. Universidade de Lisboa, Faculdade de Ciências
Data da publicação, distribuição, etc. 2025
215 ## - Descrição física
Indicação específica da natureza do documento e extensão da espécie 333 p.
Outras indicações físicas il. color.
Dimensões 30 cm
300 ## - Notas gerais
Texto da nota Nota: Tese para obtenção de grau de doutor
328 ## - Nota de dissertação ou tese
Texto da nota Autor, Pier Luigi Pireddu<br/>Professor orientador: Ana Duarte Rodrigues
330 ## - Sumário ou Resumo
Texto da nota A dissertação traça o surgimento e a evolução das ciências ecológicas aquáticas de 1890 a 1950, através de pesquisa de campo. A segunda metade do século XIX é interpretada como o momento-chave para traçar origens da disciplina ecológica em geral.
606 ## - Nome comum usado como assunto
Palavra de ordem História da Ecologia
Subdivisão de assunto Movimento de estações de campo
-- Limnologia
-- Oceanografia
-- Biologia marinha
700 ## - Nome de autor-pessoa física (responsabilidade principal)
Palavra de ordem Pireddu
Outra parte do nome não tomada para palavra de ordem Pier Luigi
Holdings
Situação do extravio Data de aquisição Número de registo Biblioteca de aquisição Biblioteca de empréstimo Cota Fim da data de empréstimo Permissão de empréstimo Tipo de documento Forma de aquisição
  2026-03-24 11627-TES Biblioteca de Algés Biblioteca de Algés 11627-TES 2026-03-24 Emprestado Monografias Oferta

Powered by Koha